The puppet theatre of Japan /

Bibliographic Details
Main Author: Scott, A. C. (Adolphe Clarence), 1909-1985
Format: Book
Language:English
Published: Rutland, Vt. : C. E. Tuttle, [1963]
Edition:[1st ed.].
Subjects:

MARC

Tag First Indicator Second Indicator Subfields
LEADER 00000cam a2200000 4500
001 in00000017539
005 20151007053606.0
008 720612s1963 vtuabf 00010 eng
010 |a  63021179  
035 |a (OCoLC)00329856 
035 |9 AAB2175AM 
040 |a DLC  |c WSU  |d OCL  |d TXA  |d UtOrBLW 
049 |a TXAM  |c [A11083644] 
050 0 0 |a PN1978.J3  |b S3 
082 0 |a 791.53 
100 1 |a Scott, A. C.  |q (Adolphe Clarence),  |d 1909-1985. 
245 1 4 |a The puppet theatre of Japan /  |c by A.C. Scott. 
250 |a [1st ed.]. 
264 1 |a Rutland, Vt. :  |b C. E. Tuttle,  |c [1963] 
264 4 |c [©1963] 
300 |a 173 pages, 8 unnumbered pages of plates :  |b illustrations, map ;  |c 19 cm. 
336 |a text  |b txt  |2 rdacontent 
337 |a unmediated  |b n  |2 rdamedia 
338 |a volume  |b nc  |2 rdacarrier 
500 |a Maps on lining paper. 
650 0 |a Puppet theater  |z Japan. 
999 |a MARS 
999 f f |s 6dd18434-ba3c-36d1-a0f1-71066c7e9c93  |i da63356e-78d6-3263-9698-c6de09a1cdbc  |t 0 
952 f f |p ric  |a Texas A&M University  |b Rellis Campus  |c Joint Library Facility  |d Remote Storage  |t 0  |e PN1978.J3 S3  |h Library of Congress classification  |i unmediated -- volume  |m A14811083644 
998 f f |a PN1978.J3 S3  |t 0  |l Remote Storage